|
|
|
|
| LEADER |
00000nab a2200000 a 4500 |
| 001 |
vtls000539470 |
| 003 |
SK-MaSNL |
| 005 |
20260303202449.0 |
| 008 |
120928c1993 xo 0 slo |
| 015 |
|
|
|a SNBRA19rr/mm-uuuuu
|
| 035 |
|
|
|a CL0539608
|
| 040 |
|
|
|a SNKBUCL
|b slo
|c SNKBUCL
|e AACR2
|
| 041 |
0 |
|
|a slo
|
| 044 |
|
|
|a xo
|c SK
|
| 080 |
|
|
|a 069.6.02(437.6):622
|2 1981
|
| 100 |
1 |
|
|a Herčko, Ivan,
|d 1943-
|4 aut
|9 40211
|
| 245 |
1 |
0 |
|a SNM - Banské múzeum v rokoch 1989-1991
|c Ivan Herčko
|
| 300 |
|
|
|b Obr. 1, tab. 2
|
| 610 |
|
7 |
|a Banské múzeum (Banská Štiavnica, Slovensko)
|2 snkbucl
|9 626822
|
| 651 |
|
7 |
|a 5312
|2 snkbucl
|9 283241
|
| 655 |
|
7 |
|a články zo zborníkov
|2 snkbucl
|9 166140
|
| 773 |
0 |
|
|t Zborník Slovenského banského múzea 16
|d Martin : Gradus, 1993
|g S. 123-130
|z 809013923X
|
| 850 |
|
|
|a Slovenská národná knižnica v Martine
|a MTA001
|
| 852 |
|
|
|a SNK
|b KIS3GCP
|
| 958 |
|
|
|a RK
|
| 992 |
|
|
|a RZB
|
| 999 |
|
|
|c 2179751
|d 2181681
|